000 01346nam a22002657a 4500
005 20100904144115.0
010 _aENG101417 B-427756-757
020 _c550.00
_a9788120340657
035 _aEN-84950 B-427756-757
037 _bDBAD / PUB
037 _bAllied Pub/Ven
082 1 4 _a658.4093
100 1 _aAgrawal, P. K.
_927988
245 1 _aSAP HR time management:
_cby P. K. Agrawal
_btechnical reference and learning guide/
250 _a2nd ed
260 _aNew Delhi
_bPrentice-Hall of India
_c2010
270 _aM-97, Connaught Circus
_bNew Delhi
_e110 001
300 _axlv,708p.
_c24cm.(pbk)
500 _aIncludes index
942 _adpl
_cEN
_2ddc
_h658.4093
_mAGR
999 _c43786
_d43786